| 000 | 01447nam0a22002651 4500 | ||
|---|---|---|---|
| 001 | rc\4463248 | ||
| 005 | 20260407135337.0 | ||
| 021 |
_aRU _bП1237-66 |
||
| 035 | _a(NLR Aleph) 008326505 | ||
| 090 |
_a8789894 _c8789894 |
||
| 100 | _a20130416d1966 |||y0rusy50 ca | ||
| 101 | 0 | _arus | |
| 102 | _aRU | ||
| 105 | _ay z ||||| | ||
| 200 | 1 | _aТезисы докладов | |
| 210 |
_aМосква _cБ. и. _d1966 |
||
| 215 |
_a84 с. _d21 |
||
| 225 | 1 |
_aМинистерство угольной промышленности СССР. Министерство Угольной промышленности УССР. Центральная комиссия по борьбе с внезапными выбросами угля и газа в угольных шахтах _eИнформ. вып. _fЦентр. и Донецкое обл. правл. Науч.-техн. горного о-ва. Всесоюз. науч.-техн. совещание по борьбе с внезапными выбросами угля и газа _v№ Б-28 |
|
| 300 | _aОтпеч. множит. аппаратом | ||
| 710 | 1 | 2 |
_aВсесоюзное научно-техническое совещание по борьбе с внезапными выбросами угля и газа _d5 _f1966 _eДонецк _3RU\NLR\AUTH\8810081941 _9666065 |
| 801 | 0 |
_aRU _bNLR _gpsbo |
|
| 801 | 1 |
_aRU _bELAR _2rusmarc |
|
| 852 |
_aNLR _jП11/2060 |
||
| 942 | _cBOOK | ||
| 980 | _aNB | ||